Klaus je upřímný patriot, proto nosí primky
Rozhovor s brand-manažérom značky Prim-Elton hodinářská, Janom Prokopom, ktorý sa podieľal na premene veľkovýrobcu náramkových hodiniek na prestížnu manufaktúru, ktorá vyrába hodinky prevažne v zákazkovom - solitérskom režime. Akým spôsobom bola realizovaná zmena pozície značky, keď sa z masového pr...
Enregistré dans:
| Auteur principal: | |
|---|---|
| Autres auteurs: | |
| Format: | Chapitre de livre |
| Langue: | tchèque |
| Sujets: | |
| Tags: |
Pas de tags, Soyez le premier à ajouter un tag!
|
MARC
| LEADER | 00000naa a2200000 4500 | ||
|---|---|---|---|
| 001 | 0157340 | ||
| 005 | 20240315071900.6 | ||
| 041 | 0 | |a cze | |
| 044 | |a CZ | ||
| 245 | 1 | 0 | |a Klaus je upřímný patriot, proto nosí primky |c Bohuslav Bohuněk |
| 520 | |a Rozhovor s brand-manažérom značky Prim-Elton hodinářská, Janom Prokopom, ktorý sa podieľal na premene veľkovýrobcu náramkových hodiniek na prestížnu manufaktúru, ktorá vyrába hodinky prevažne v zákazkovom - solitérskom režime. Akým spôsobom bola realizovaná zmena pozície značky, keď sa z masového produktu stal produkt prémiový. Nový výrobok určený pre zákazníkov, ktorí uprednostňujú hodnotu. Spor s ázijskou firmou MPM Quality, s ktorou sa spoločnosť súdi o práva ku značke. Čo je Elton hodinářská-Prim. | ||
| 610 | 2 | 0 | |a značky výrobkov |
| 610 | 2 | 0 | |a produkty |
| 610 | 2 | 0 | |a marketing |
| 610 | 2 | 0 | |a podnikanie |
| 610 | 2 | 0 | |a hodnota pridaná |
| 610 | 2 | 0 | |a firmy |
| 610 | 2 | 0 | |a Česko |
| 100 | 1 | |a Bohuněk, Bohuslav | |
| 700 | 1 | |a Prokop, Jan | |